000 01012nam a22003137a 4500
003 CHAP
005 20220329143154.0
008 061013d2000 us r 00110 eng d
010 _a92870
011 _a93842
020 _a0309065267
035 _a104423
040 _cCHAP
082 0 4 _a632.7
_bC65
110 1 _aCommittee on the Future Role of Pesticides in US Agriculture
_925950
245 1 4 _aThe future role of pesticides in US agriculture
_c/by Committee on the Future Role of Pesticides in US Agriculture
260 _aWashington, D. C. :
_bNational Academy Press,
_c2000.
300 _a301 p.
590 _aBATCH-UPD
_b10
_c20130110
_lUCH01
_h0940
590 _aCONVERSION
_b10
_c20130109
_lUCH01
_h1351
650 1 4 _aAgricultura
_xE.U.A.
_91408
650 1 4 _aAgricultura
_xPlagas.
_91764
650 1 4 _aControl de plagas.
_927595
650 1 4 _aPesticidas.
_987536
901 _aBK
905 _aLilia
942 _cLIBRO
949 _a632.7 C65
_bBC
_cLIBRO
_d33724000995247
_eLIBRO
_h108332
_i104423
_sb
999 _c92870
_d92870